| 000 | 00723 a2200205 4500 | ||
|---|---|---|---|
| 999 |
_c7406 _d7406 |
||
| 020 | _a0333631420 (paper) | ||
| 050 | 0 | 0 | _aDS223 HIT 2002 |
| 100 | 1 |
_aHitti, Philip K. _d1886-1978. |
|
| 245 | 1 | 0 |
_aHistory of the Arabs : _bfrom the earliest times to the present / _cPhilip K. Hitti. |
| 250 |
_aRev. 10th ed. / _bnew preface by Walid Khalidi. |
||
| 264 |
_aHampshire: _bPalgrave Macmillan, _c2002 |
||
| 300 |
_axxiii, 822 p. : _bill., maps ; |
||
| 500 | _aOriginally published: 10th ed. London : Macmillan, 1970. | ||
| 504 | _aIncludes bibliographical references and index. | ||
| 650 | 0 | _aArabs. | |
| 650 | 0 | _aCivilization, Arab. | |
| 651 | 0 | _aArabian Peninsula | |
| 856 | 4 | 2 | _3t) |
| 942 |
_2lcc _cBK _erev. 10th _h223 _iHIT _kDS |
||